Tổng hợp vật liệu ZIF-67 ứng dụng hấp phụ chất hữu cơ bền trong nước : Luận văn tốt nghiệp Cao học. Chuyên ngành Kỹ thuật hóa học
Tổng hợp vật liệu ZIF-67 bằng phương pháp nhiệt dung môi, khảo sát khả năng hấp phụ MO của ZIF-67 trong môi trường nước ở điều kiện thường, khả năng thu hồi và tái sử dụng của vật liệu.
Zapisane w:
| 1. autor: | |
|---|---|
| Format: | Książka |
| Język: | Undetermined |
| Wydane: |
Cần Thơ
Trường Đại học Cần Thơ
2017
|
| Hasła przedmiotowe: | |
| Etykiety: |
Dodaj etykietę
Nie ma etykietki, Dołącz pierwszą etykiete!
|
| Thư viện lưu trữ: | Trung tâm Học liệu Trường Đại học Cần Thơ |
|---|
| LEADER | 01075nam a2200193Ia 4500 | ||
|---|---|---|---|
| 001 | CTU_225334 | ||
| 008 | 210402s9999 xx 000 0 und d | ||
| 082 | |a 620.116 | ||
| 082 | |b M200 | ||
| 100 | |a Phạm, Thị Mè | ||
| 245 | 0 | |a Tổng hợp vật liệu ZIF-67 ứng dụng hấp phụ chất hữu cơ bền trong nước : | |
| 245 | 0 | |b Luận văn tốt nghiệp Cao học. Chuyên ngành Kỹ thuật hóa học | |
| 245 | 0 | |c Phạm Thị Mè ; Đặng Huỳnh Giao (Cán bộ hướng dẫn) | |
| 260 | |a Cần Thơ | ||
| 260 | |b Trường Đại học Cần Thơ | ||
| 260 | |c 2017 | ||
| 520 | |a Tổng hợp vật liệu ZIF-67 bằng phương pháp nhiệt dung môi, khảo sát khả năng hấp phụ MO của ZIF-67 trong môi trường nước ở điều kiện thường, khả năng thu hồi và tái sử dụng của vật liệu. | ||
| 650 | |a Porous materials,Vật liệu xốp | ||
| 980 | |a Trung tâm Học liệu Trường Đại học Cần Thơ | ||